000 01189nam a2200265Ia 4500
999 _c5667
_d5667
003 OSt
005 20200624174331.0
008 191128s2009 ck ad fr 000 0 spa d
020 _a9789588307619
040 _aCO-JMCR
_cCO-JMCR
041 0 _aspa
082 0 4 _a332.7 /
_bB155f
_223
110 2 _aBanco Mundial
_95980
245 1 0 _a¿Finanzas para todos? :
_bpolíticas y trampas en la expansión del acceso /
_cBanco Mundial
250 _aPrimera edición
260 _aBogotá :
_bBanco Mundial : Mayol,
_c2009
300 _axv, 257 páginas :
_bgráficos a blanco y negro ;
_c23 cm.
490 0 _aInforme del Banco Mundial sobre investigación de políticas
504 _aBibliografía: páginas 235-257.
505 0 _aAcceso a financiación y desarrollo: teoría y medición -- Acceso de las empresas a la financiación: entrada, crecimiento y productividad -- Acceso de los hogares a la financiación: alivio a la pobreza y mitigación del riesgo.
650 1 4 _aInstituciones financieras
_xpaíses en desarrollo
_2
_95981
650 1 4 _aIndustria de servicios financieros
_xpaíses en desarrollo
_95982
650 1 4 _aCrédito
_xservicios financieros
_95983
942 _2ddc
_cBK